Online Catalogue and eLibrary

Culture,ideology,hegemony : (Record no. 2104)

MARC details
000 -LEADER
fixed length control field 00276nam a2200097Ia 4500
008 - FIXED-LENGTH DATA ELEMENTS--GENERAL INFORMATION
fixed length control field 240331s9999 xx 000 0 und d
082 ## - DDC Classification
Item Number - Author Mark PAN
100 ## - MAIN ENTRY--PERSONAL NAME
Personal name Panikkar, K.N
245 #0 - TITLE STATEMENT
Title Culture,ideology,hegemony :
Remainder of title intellectuals and social consciousness in colonial India
942 ## - Koha item type (Biblio)
Koha item type Books in Stacks (Lending)

No items available.

© WERC Library